000 00661nam a2200265Ia 4500
005 20260121170818.0
008 008 260114s9999 xx 000 0 eng d
020 _a9783030002411
037 _aEBOOK
040 _aCRL
040 _beng
040 _cCRL
041 _2eng
041 _aeng
084 _qCRL
100 _aHermann König, Vitali Milman
_91068452
245 0 _aOperator Relations Characterizing Derivatives
260 _bSpringer
260 _bSpringer
260 _c2018
856 _uhttps://link.springer.com/openurl?genre=book&isbn=978-3-030-00241-1
942 _cEBOOK
999 _c1634182
_d1634182